Central Library OPAC University of Rajshahi

Space vehicle electronics / (Record no. 73262)

MARC details
000 -LEADER
fixed length control field 00767nam a2200241 a 4500
001 - CONTROL NUMBER
control field 73262
003 - CONTROL NUMBER IDENTIFIER
rucl marc code BD-RjUL
005 - DATE AND TIME OF LATEST TRANSACTION
control field 20211209082353.0
008 - FIXED-LENGTH DATA ELEMENTS--GENERAL INFORMATION
fixed length control field 170529s1964 njuad b 001 0 eng c
035 ## - SYSTEM CONTROL NUMBER
System control number (BD-RjUL)73480
040 ## - CATALOGING SOURCE
Original cataloging agency DLC/ICU
Transcribing agency CGU
Modifying agency BD-RjUL
-- EQO
Language of cataloging eng
041 ## - LANGUAGE CODE
Language code of text/sound track or separate title eng
082 0# - DEWEY DECIMAL CLASSIFICATION NUMBER
Classification number 629.47
Edition number 23
Author mark and year NES 1964
100 1# - MAIN ENTRY--PERSONAL NAME
Personal name Newman, David B.
Fuller form of name (David Bruce)
9 (RLIN) 216706
245 10 - TITLE STATEMENT
Title Space vehicle electronics /
Statement of responsibility, etc. David B. Newman.
260 ## - PUBLICATION, DISTRIBUTION, ETC. (IMPRINT)
Place of publication, distribution, etc. Princeton, N.J. :
Name of publisher, distributor, etc. Van Nostrand,
Date of publication, distribution, etc. c1964
300 ## - PHYSICAL DESCRIPTION
Pagination xvii, 397 p. :
Illustrations ill. ;
Size 24 cm.
490 1# - SERIES STATEMENT
Series statement Principles of guided missile design
504 ## - BIBLIOGRAPHY, ETC. NOTE
Bibliography, etc Includes bibliographies.
650 #0 - SUBJECT ADDED ENTRY--TOPICAL TERM
Topical term or geographic name as entry element Spacecraft
General subdivision Electronic equipment.
9 (RLIN) 216707
830 #0 - SERIES ADDED ENTRY--UNIFORM TITLE
Uniform title Principles of guided missile design
942 ## - ADDED ENTRY ELEMENTS (KOHA)
Source of classification or shelving scheme Dewey Decimal Classification
Koha item type Books
Holdings
Lost status Source of classification or shelving scheme Damaged status Not for loan Collection code Permanent Location Current Location Shelving location Date acquired Source of acquisition Cost, normal purchase price Total Checkouts Full call number Date last seen Copy number Koha item type
  Dewey Decimal Classification   Not For Loan Non-fiction Central Library, University of Rajshahi Central Library, University of Rajshahi Rare Book Section 30/03/1967 Book Center 78.75   629.47 NES 1964 29/05/2017 C-1 Books